[Event "32. Open Villa de Benasque 2012"]
[Site "Benasque ESP"]
[Date "2012.07.05"]
[Round "1.1"]
[White "Salido Polo, Veronica"]
[Black "Harikrishna, P."]
[Result "0-1"]
[WhiteElo "1991"]
[BlackElo "2684"]
[PlyCount "102"]
[EventDate "2012.07.05"]
[EventType "swiss"]
[EventRounds "10"]
[EventCountry "ESP"]
[Source "lmi"]
[SourceDate "2012.07.05"]

1. e4 c6 2. d4 d5 3. Nc3 g6 4. Nf3 Bg7 5. Be3 dxe4 6. Nxe4 Bf5 7. Ng3 Bg4 8.
Bc4 e6 9. Qd2 Bxf3 10. gxf3 Nd7 11. Bb3 a5 12. a4 Ne7 13. h4 Qc7 14. h5 O-O-O
15. h6 Bf8 16. Ne4 Nf5 17. Bg5 Ne5 18. Bxd8 Nxf3+ 19. Kd1 Qxd8 20. Qd3 N3xd4
21. Bc4 Nf3 22. Qxd8+ Kxd8 23. Be2 Ne5 24. f4 Nd7 25. Ng5 Ke8 26. Bd3 Nxh6 27.
Kd2 Nf6 28. Rae1 Nf5 29. Bc4 h6 30. Re5 Bd6 31. Bxe6 fxe6 32. Rxe6+ Kd7 33.
Rxf6 Bxf4+ 34. Kd3 Bxg5 35. Rxg6 Re8 36. Kc4 Re4+ 37. Kb3 Nd4+ 38. Kc3 Ne6 39.
Rf1 Nf4 40. Rg7+ Re7 41. Rxe7+ Kxe7 42. Re1+ Kd7 43. Kc4 Nd5 44. Rg1 Kd6 45.
Rg3 Nb6+ 46. Kb3 Nd7 47. Rg4 Nc5+ 48. Kc3 h5 49. Rd4+ Ke5 50. Rc4 Be7 51. Kd2
b5 0-1

[Event "32. Open Villa de Benasque 2012"]
[Site "Benasque ESP"]
[Date "2012.07.05"]
[Round "1.4"]
[White "Hracek, Zbynek"]
[Black "Gordillo, Manuel"]
[Result "1-0"]
[WhiteElo "2624"]
[BlackElo "1983"]
[PlyCount "43"]
[EventDate "2012.07.05"]
[EventType "swiss"]
[EventRounds "10"]
[EventCountry "ESP"]
[Source "lmi"]
[SourceDate "2012.07.05"]

1. d4 e6 2. c4 f5 3. Nf3 Nf6 4. Nc3 d5 5. Bf4 c6 6. e3 Be7 7. Bd3 Ne4 8. g4 Nd7
9. gxf5 exf5 10. cxd5 Ndf6 11. dxc6 bxc6 12. Ne5 Be6 13. Qa4 Bd7 14. Bxe4 fxe4
15. Rg1 g6 16. Qc4 Qb6 17. Qf7+ Kd8 18. Nc4 Qb4 19. Bd6 Bxd6 20. Qxf6+ Kc7 21.
Qxd6+ Qxd6 22. Nxd6 1-0

[Event "32. Open Villa de Benasque 2012"]
[Site "Benasque ESP"]
[Date "2012.07.05"]
[Round "1.5"]
[White "Sanz Menendez, Juan Carlos"]
[Black "Sandipan, Chanda"]
[Result "0-1"]
[WhiteElo "1981"]
[BlackElo "2618"]
[PlyCount "58"]
[EventDate "2012.07.05"]
[EventType "swiss"]
[EventRounds "10"]
[EventCountry "ESP"]
[Source "lmi"]
[SourceDate "2012.07.05"]

1. Nf3 Nf6 2. c4 b6 3. g3 Bb7 4. Bg2 c5 5. b3 g6 6. Bb2 Bg7 7. O-O O-O 8. d4
cxd4 9. Nxd4 Qc8 10. Nc3 Bxg2 11. Kxg2 Qb7+ 12. Kg1 d6 13. Qd2 Rd8 14. Rad1 Na6
15. f3 d5 16. Nxd5 Nxd5 17. cxd5 Rxd5 18. e4 Rd7 19. Qe3 Rad8 20. f4 Nb4 21. e5
Nc2 22. Qf2 Qe4 23. Rde1 Nxe1 24. Rxe1 Qd3 25. Nc6 Rc8 26. e6 fxe6 27. Nb4 Qd2
28. Bxg7 Kxg7 29. a3 a5 0-1

[Event "32. Open Villa de Benasque 2012"]
[Site "Benasque ESP"]
[Date "2012.07.05"]
[Round "1.6"]
[White "Sanikidze, Tornike"]
[Black "Martin Barbero, Roberto"]
[Result "1-0"]
[WhiteElo "2596"]
[BlackElo "1981"]
[PlyCount "75"]
[EventDate "2012.07.05"]
[EventType "swiss"]
[EventRounds "10"]
[EventCountry "ESP"]
[Source "lmi"]
[SourceDate "2012.07.05"]

1. d4 Nf6 2. Nc3 d6 3. e4 g6 4. Be3 Bg7 5. Qd2 O-O 6. O-O-O Nbd7 7. Bh6 e5 8.
dxe5 dxe5 9. h4 Qe7 10. h5 Nb6 11. f3 Be6 12. Bxg7 Kxg7 13. Qg5 Bc4 14. Nge2
Nfd5 15. Qd2 Nxc3 16. Qxc3 Rad8 17. Rxd8 Rxd8 18. f4 Qd6 19. Kb1 Bxe2 20. Bxe2
Na4 21. Qb3 Nc5 22. Qf3 Qf6 23. hxg6 hxg6 24. Qe3 Ne6 25. fxe5 Qxe5 26. Qh6+
Kg8 27. Bc4 Qg7 28. Qh4 Rf8 29. a3 b5 30. Bxe6 fxe6 31. Qh3 Rf6 32. Qb3 Qd7 33.
Qc3 Qf7 34. Qd3 a6 35. g4 c5 36. Qh3 Kf8 37. Qh8+ Ke7 38. Rh7 1-0

[Event "32. Open Villa de Benasque 2012"]
[Site "Benasque ESP"]
[Date "2012.07.05"]
[Round "1.7"]
[White "Martiarena Lizarribar, Eneko"]
[Black "Burmakin, Vladimir"]
[Result "0-1"]
[WhiteElo "1981"]
[BlackElo "2590"]
[PlyCount "54"]
[EventDate "2012.07.05"]
[EventType "swiss"]
[EventRounds "10"]
[EventCountry "ESP"]
[Source "lmi"]
[SourceDate "2012.07.05"]

1. d4 d5 2. Nf3 Nf6 3. c4 e6 4. Nc3 Be7 5. Bg5 O-O 6. e3 c6 7. Rc1 h6 8. Bh4
Nbd7 9. Bd3 Nh5 10. Bxe7 Qxe7 11. O-O Nhf6 12. Re1 Rd8 13. cxd5 exd5 14. Qc2
Qd6 15. Rcd1 Nf8 16. h3 Be6 17. Rb1 N8d7 18. b4 a5 19. bxa5 Rdb8 20. a4 Rxa5
21. Rb2 b6 22. Rc1 c5 23. Bb5 g6 24. Qd1 Raa8 25. dxc5 bxc5 26. e4 d4 27. e5
Nxe5 0-1

[Event "32. Open Villa de Benasque 2012"]
[Site "Benasque ESP"]
[Date "2012.07.05"]
[Round "1.9"]
[White "Zanoletty Garcia, David"]
[Black "Shanava, Konstantine"]
[Result "0-1"]
[WhiteElo "1972"]
[BlackElo "2578"]
[PlyCount "72"]
[EventDate "2012.07.05"]
[EventType "swiss"]
[EventRounds "10"]
[EventCountry "ESP"]
[Source "lmi"]
[SourceDate "2012.07.05"]

1. e4 c6 2. Nf3 d5 3. exd5 cxd5 4. Ne5 Nc6 5. d4 Nf6 6. Bb5 Bd7 7. Nxd7 Qxd7 8.
c3 e6 9. O-O Bd6 10. Nd2 a6 11. Bd3 Qc7 12. Nf3 Bf4 13. g3 Bxc1 14. Rxc1 O-O
15. Re1 g6 16. Qd2 Kg7 17. Kg2 Rae8 18. h4 h5 19. Ne5 Nd7 20. Qg5 Ncxe5 21.
dxe5 b5 22. Bc2 Qd8 23. Qf4 Qe7 24. a4 Rb8 25. axb5 axb5 26. Ra1 Rb7 27. Ra5
Rfb8 28. Rea1 Qd8 29. Qe3 Qc7 30. f4 b4 31. Kh3 Rc8 32. Ra7 bxc3 33. Rxb7 Qxb7
34. bxc3 Qb2 35. Ra7 Qxc2 36. Rxd7 Rxc3 0-1

[Event "32. Open Villa de Benasque 2012"]
[Site "Benasque ESP"]
[Date "2012.07.05"]
[Round "1.10"]
[White "Stocek, Jiri"]
[Black "Garro Beraza, Julen"]
[Result "1-0"]
[WhiteElo "2573"]
[BlackElo "1968"]
[PlyCount "77"]
[EventDate "2012.07.05"]
[EventType "swiss"]
[EventRounds "10"]
[EventCountry "ESP"]
[Source "lmi"]
[SourceDate "2012.07.05"]

1. c4 Nf6 2. Nf3 g6 3. d4 Bg7 4. Nc3 O-O 5. Bf4 d6 6. h3 Nbd7 7. e3 b6 8. Be2
Bb7 9. O-O Ne4 10. Nxe4 Bxe4 11. Qd2 e5 12. Bg5 f6 13. Bh4 Qe7 14. Rac1 Kh8 15.
Rfd1 Rf7 16. b4 g5 17. Bg3 f5 18. c5 f4 19. cxd6 cxd6 20. Bh2 Raf8 21. exf4
gxf4 22. Rc7 Bxf3 23. Bxf3 e4 24. Bg4 e3 25. Qe2 Qg5 26. Rxa7 Nf6 27. Rxf7 Rxf7
28. Bf3 d5 29. fxe3 fxe3 30. Rc1 Ne4 31. Rc8+ Rf8 32. Rxf8+ Bxf8 33. Bxe4 dxe4
34. Be5+ Bg7 35. Qg4 Qxg4 36. hxg4 b5 37. Kf1 Bxe5 38. dxe5 Kg7 39. Ke2 1-0

[Event "32. Open Villa de Benasque 2012"]
[Site "Benasque ESP"]
[Date "2012.07.06"]
[Round "2.1"]
[White "Harikrishna, P."]
[Black "Solomons, Deon"]
[Result "1-0"]
[WhiteElo "2684"]
[BlackElo "2185"]
[PlyCount "53"]
[EventDate "2012.07.05"]
[EventType "swiss"]
[EventRounds "10"]
[EventCountry "ESP"]
[Source "lmi"]
[SourceDate "2012.07.05"]

1. e4 d6 2. d4 g6 3. Nc3 Bg7 4. Be3 c6 5. a4 Nf6 6. h3 Qa5 7. Bd3 Na6 8. Bd2
Nb4 9. Be2 O-O 10. Nf3 e5 11. O-O Nh5 12. Na2 c5 13. Nxe5 dxe5 14. dxc5 Nf4 15.
Bb5 Qc7 16. Nxb4 a6 17. Bc4 Qxc5 18. Bd5 Qe7 19. Bxf4 Qxb4 20. Qd2 Qe7 21. Bg5
Qc7 22. Rfd1 a5 23. Ra3 Kh8 24. Rc3 Qd6 25. Be3 Qf6 26. Bc5 Rd8 27. Rf3 1-0

[Event "32. Open Villa de Benasque 2012"]
[Site "Benasque ESP"]
[Date "2012.07.06"]
[Round "2.4"]
[White "Ugalde Ezcurra, Jose Miguel"]
[Black "Hracek, Zbynek"]
[Result "0-1"]
[WhiteElo "2179"]
[BlackElo "2624"]
[PlyCount "60"]
[EventDate "2012.07.05"]
[EventType "swiss"]
[EventRounds "10"]
[EventCountry "ESP"]
[Source "lmi"]
[SourceDate "2012.07.05"]

1. e4 c5 2. Nf3 e6 3. d3 Nc6 4. g3 d5 5. Qe2 Nf6 6. Bg2 Be7 7. O-O b5 8. e5 Nd7
9. h4 h6 10. h5 Qc7 11. Re1 Bb7 12. c4 bxc4 13. dxc4 d4 14. a3 Rb8 15. Nbd2 O-O
16. Ne4 Ncxe5 17. Nxe5 Nxe5 18. Bf4 f6 19. g4 a5 20. Rad1 Ba8 21. Rd2 Rb3 22.
Nxf6+ gxf6 23. Bxa8 Rxa8 24. Bxe5 Qxe5 25. Qd1 Qf4 26. Qxb3 Qxd2 27. Rxe6 Re8
28. Qb7 Kf8 29. Qf3 Qg5 30. Qg3 d3 0-1

[Event "32. Open Villa de Benasque 2012"]
[Site "Benasque ESP"]
[Date "2012.07.06"]
[Round "2.5"]
[White "Sandipan, Chanda"]
[Black "Garcia Amoros, Pablo"]
[Result "1-0"]
[WhiteElo "2618"]
[BlackElo "2175"]
[PlyCount "47"]
[EventDate "2012.07.05"]
[EventType "swiss"]
[EventRounds "10"]
[EventCountry "ESP"]
[Source "lmi"]
[SourceDate "2012.07.05"]

1. d4 Nf6 2. Nf3 d6 3. Nbd2 g6 4. e4 Bg7 5. Bc4 c6 6. O-O O-O 7. Qe2 a5 8. a4
Na6 9. c3 Nc7 10. Bd3 Nd7 11. Rd1 c5 12. d5 Nb6 13. Nc4 Nxc4 14. Bxc4 Ne8 15.
Bf4 Qb6 16. h3 Bd7 17. e5 Rd8 18. Bg5 f6 19. e6 Bc8 20. Be3 Qa7 21. h4 b6 22.
h5 Nc7 23. hxg6 hxg6 24. Nh4 1-0

[Event "32. Open Villa de Benasque 2012"]
[Site "Benasque ESP"]
[Date "2012.07.06"]
[Round "2.6"]
[White "Gomez Peco, Pablo"]
[Black "Sanikidze, Tornike"]
[Result "1/2-1/2"]
[WhiteElo "2175"]
[BlackElo "2596"]
[PlyCount "193"]
[EventDate "2012.07.05"]
[EventType "swiss"]
[EventRounds "10"]
[EventCountry "ESP"]
[Source "lmi"]
[SourceDate "2012.07.05"]

1. d4 Nf6 2. c4 g6 3. Nc3 Bg7 4. e4 d6 5. Nge2 O-O 6. Ng3 Na6 7. Be2 c5 8. d5
Nc7 9. h4 e6 10. Bg5 exd5 11. exd5 a6 12. a4 Bd7 13. Nce4 Nce8 14. Qb3 b5 15.
axb5 axb5 16. Rxa8 Qxa8 17. O-O Nxe4 18. Nxe4 f5 19. Nd2 b4 20. Bd3 Nf6 21. Re1
Ng4 22. Nf3 Re8 23. Rxe8+ Bxe8 24. Qc2 Qa1+ 25. Qb1 Qxb2 26. Qxb2 Bxb2 27. Be7
Ne5 28. Nxe5 Bxe5 29. Bc2 f4 30. Kf1 h6 31. Ke2 Kf7 32. Bd8 Bf6 33. Bc7 Ke7 34.
g3 Be5 35. Kf3 fxg3 36. fxg3 Bd7 37. g4 h5 38. g5 Bf5 39. Bb3 Kd7 40. Ba5 Kc8
41. Bb6 Bg7 42. Ba5 Bg4+ 43. Kf2 Bc3 44. Bb6 Bf5 45. Ba5 Bd4+ 46. Kg3 Be4 47.
Bb6 Kb7 48. Bd8 Bd3 49. Kf3 Bc3 50. Kf2 Be4 51. Ba5 Bf5 52. Bd8 Bd2 53. Ba5 Bc3
54. Bd8 Kc8 55. Ba5 Bd4+ 56. Kg3 Bg7 57. Kf2 Bf8 58. Ke3 Be7 59. Kf4 Bf8 60.
Ke3 Bg7 61. Kf2 Bc3 62. Bb6 Bd4+ 63. Kg3 Be4 64. Ba5 Kb7 65. Bd8 Bf5 66. Ba5
Be4 67. Bd8 Ka6 68. Bf6 Bc3 69. Kf2 Kb7 70. Bd8 Ka6 71. Bf6 Bd4+ 72. Kg3 Kb6
73. Bd8+ Kb7 74. Ba5 Ka6 75. Bc7 Be5+ 76. Kf2 Bf4 77. Bd8 Be5 78. Bf6 Bd4+ 79.
Kg3 Kb7 80. Bd8 Kc8 81. Ba5 Bg7 82. Bb6 Bf8 83. Ba5 Be7 84. Kf4 Bf5 85. Bb6 Bd7
86. Ba5 Bd8 87. Bxd8 Kxd8 88. Ke3 Kc7 89. Kd2 Kb6 90. Ke3 Ka5 91. Kd2 Be8 92.
Kc2 Ba4 93. Kb2 Bxb3 94. Kxb3 Ka6 95. Kb2 Kb6 96. Kc2 Ka5 97. Kb3 1/2-1/2

[Event "32. Open Villa de Benasque 2012"]
[Site "Benasque ESP"]
[Date "2012.07.06"]
[Round "2.7"]
[White "Burmakin, Vladimir"]
[Black "Suarez Roa, Jose Francisco"]
[Result "1-0"]
[WhiteElo "2590"]
[BlackElo "2168"]
[PlyCount "57"]
[EventDate "2012.07.05"]
[EventType "swiss"]
[EventRounds "10"]
[EventCountry "ESP"]
[Source "lmi"]
[SourceDate "2012.07.05"]

1. d4 d5 2. Nf3 e6 3. g3 Nf6 4. Bg2 Be7 5. O-O O-O 6. c4 c5 7. cxd5 exd5 8. b3
Nc6 9. Bb2 Re8 10. Nc3 cxd4 11. Nb5 Bg4 12. Nbxd4 Bd6 13. h3 Bh5 14. Nf5 Bxf3
15. exf3 Be5 16. Bxe5 Rxe5 17. Ne3 d4 18. Nc4 Re7 19. Qd2 Qd7 20. Rfe1 Rae8 21.
Rxe7 Qxe7 22. f4 Ne4 23. Bxe4 Qxe4 24. Nd6 Qe2 25. Qxe2 Rxe2 26. Nxb7 Nb4 27.
Rd1 Rxa2 28. Rxd4 Nc6 29. Rd6 1-0

[Event "32. Open Villa de Benasque 2012"]
[Site "Benasque ESP"]
[Date "2012.07.06"]
[Round "2.8"]
[White "Mingarro Carceller, Sergi"]
[Black "Nabaty, Tamir"]
[Result "0-1"]
[WhiteElo "2169"]
[BlackElo "2582"]
[PlyCount "98"]
[EventDate "2012.07.05"]
[EventType "swiss"]
[EventRounds "10"]
[EventCountry "ESP"]
[Source "lmi"]
[SourceDate "2012.07.05"]

1. e4 c6 2. d4 d5 3. e5 c5 4. dxc5 e6 5. a3 Nc6 6. Nf3 Bxc5 7. b4 Bb6 8. Bd3
Nge7 9. Bb2 Ng6 10. O-O O-O 11. g3 d4 12. Qe2 f6 13. Bxg6 hxg6 14. Nbd2 Qd5 15.
Rae1 Bd7 16. c4 dxc3 17. Bxc3 Nxe5 18. Nxe5 fxe5 19. Qxe5 Rf7 20. Ne4 Raf8 21.
Rd1 Qxe5 22. Bxe5 Bb5 23. Rd2 Bxf1 24. Kxf1 Rd8 25. Rxd8+ Bxd8 26. Ke2 Bf6 27.
Bd6 b5 28. Kd3 Bb2 29. f4 Rf5 30. Kc2 Bd4 31. Bc5 Rd5 32. Bxd4 Rxd4 33. Ng5 Rd6
34. Ne4 Ra6 35. Kb3 Kf7 36. g4 Ke7 37. h3 Rc6 38. Nd2 Rc1 39. Nf3 Rh1 40. Nd4
Rxh3+ 41. Kb2 a6 42. Nc6+ Kd6 43. Nb8 Rf3 44. Nxa6 Rxf4 45. g5 Rf5 46. Nc5 Rxc5
47. bxc5+ Kxc5 48. Kc3 e5 49. Kd3 Kd5 0-1

[Event "32. Open Villa de Benasque 2012"]
[Site "Benasque ESP"]
[Date "2012.07.06"]
[Round "2.9"]
[White "Shanava, Konstantine"]
[Black "Fernandez Valles, Juan Manuel"]
[Result "1-0"]
[WhiteElo "2578"]
[BlackElo "2163"]
[PlyCount "81"]
[EventDate "2012.07.05"]
[EventType "swiss"]
[EventRounds "10"]
[EventCountry "ESP"]
[Source "lmi"]
[SourceDate "2012.07.05"]

1. e4 e6 2. d4 d5 3. Nd2 c5 4. c3 Nc6 5. Ngf3 Nf6 6. Bd3 cxd4 7. cxd4 Qb6 8.
O-O Be7 9. Qe2 O-O 10. Rd1 Nb4 11. Bb1 Bd7 12. a3 Bb5 13. Qe3 Nc6 14. e5 Nd7
15. b3 Rae8 16. Nf1 f6 17. exf6 Bxf6 18. Bb2 Bxf1 19. Rxf1 e5 20. b4 e4 21. Ng5
h6 22. Qb3 Bxg5 23. Qxd5+ Kh8 24. Qxd7 e3 25. Bd3 exf2+ 26. Kh1 Qd8 27. Qxb7
Qd6 28. Bb5 Rc8 29. Rxf2 Rxf2 30. Qxc8+ Nd8 31. Qc3 Qd5 32. Bf1 Qf5 33. Bd3 Qd5
34. Rg1 Bf4 35. Bc1 Bxc1 36. Qxc1 Qxd4 37. Bb1 Qf6 38. Qc5 a6 39. Qc4 g6 40.
Bd3 h5 41. Rf1 1-0

[Event "32. Open Villa de Benasque 2012"]
[Site "Benasque ESP"]
[Date "2012.07.06"]
[Round "2.10"]
[White "Gonzalez Gonzalez, Alfonso"]
[Black "Stocek, Jiri"]
[Result "0-1"]
[WhiteElo "2167"]
[BlackElo "2573"]
[PlyCount "90"]
[EventDate "2012.07.05"]
[EventType "swiss"]
[EventRounds "10"]
[EventCountry "ESP"]
[Source "lmi"]
[SourceDate "2012.07.05"]

1. d4 d6 2. e4 Nf6 3. Nc3 g6 4. Be3 Bg7 5. f3 Nc6 6. Qd2 a6 7. Nge2 h5 8. a4
Bd7 9. Nc1 e5 10. d5 Ne7 11. a5 Rc8 12. Na4 O-O 13. Bd3 Qe8 14. b3 Nfxd5 15.
Bh6 Nf4 16. Bxg7 Kxg7 17. O-O f5 18. c4 Rd8 19. Nc3 c6 20. Re1 Qf7 21. Bf1 Qf6
22. b4 h4 23. N1e2 Ne6 24. h3 Bc8 25. Kh1 Ng5 26. Ng1 fxe4 27. fxe4 Ne6 28.
Nce2 d5 29. exd5 cxd5 30. Nf3 e4 31. Nh2 dxc4 32. Qc2 Nd4 33. Nxd4 Rxd4 34.
Bxc4 Nf5 35. Nf1 Bd7 36. Qb3 Qe5 37. Be2 Bc6 38. Bg4 Ng3+ 39. Nxg3 hxg3 40.
Rab1 Qd6 41. Qc3 Kh7 42. Rbd1 Rxd1 43. Bxd1 Qd3 44. Qxd3 exd3 45. Bf3 Rxf3 0-1

[Event "32. Open Villa de Benasque 2012"]
[Site "Benasque ESP"]
[Date "2012.07.07"]
[Round "3.1"]
[White "Kiewra, Keaton F"]
[Black "Harikrishna, P."]
[Result "0-1"]
[WhiteElo "2361"]
[BlackElo "2684"]
[PlyCount "110"]
[EventDate "2012.07.05"]
[EventType "swiss"]
[EventRounds "10"]
[EventCountry "ESP"]
[Source "lmi"]
[SourceDate "2012.07.05"]

1. c4 Nf6 2. g3 c6 3. Nc3 d5 4. cxd5 cxd5 5. d4 Nc6 6. Bg2 Bf5 7. Nf3 e6 8. O-O
Bd6 9. Bf4 O-O 10. Rc1 h6 11. Ne5 Bxe5 12. Bxe5 Ng4 13. Bf4 Qb6 14. e4 dxe4 15.
d5 Rad8 16. Na4 Qa5 17. Rc5 Rxd5 18. Rxa5 Rxd1 19. Rxd1 Nxa5 20. Bc7 Nc6 21.
Nc5 e3 22. f3 e2 23. Re1 Ne3 24. Rxe2 Nd5 25. Be5 Rc8 26. Nxb7 Bd3 27. Re1 Nxe5
28. Rxe5 Rc1+ 29. Kf2 Rc2+ 30. Kg1 Rxb2 31. Nc5 Bc4 32. a4 Nc3 33. Re1 Bd5 34.
Ra1 Ne2+ 35. Kh1 Nd4 36. Nd3 Rd2 37. Ne1 g5 38. f4 Nc2 39. Rc1 Nxe1 40. Bxd5
Nd3 41. Rc8+ Kg7 42. Bc4 Ne1 43. Kg1 Nf3+ 44. Kf1 Nxh2+ 45. Ke1 Nf3+ 46. Kf1
Rb2 47. Ba6 Ra2 48. Bb5 Nd2+ 49. Ke1 Ne4 50. Rc7 a6 51. Bd7 Kf6 52. fxg5+ hxg5
53. g4 Ke5 54. Ra7 Kf4 55. Rxa6 Kf3 0-1

[Event "32. Open Villa de Benasque 2012"]
[Site "Benasque ESP"]
[Date "2012.07.07"]
[Round "3.4"]
[White "Hracek, Zbynek"]
[Black "Piceu, Tom"]
[Result "1-0"]
[WhiteElo "2624"]
[BlackElo "2330"]
[PlyCount "77"]
[EventDate "2012.07.05"]
[EventType "swiss"]
[EventRounds "10"]
[EventCountry "ESP"]
[Source "lmi"]
[SourceDate "2012.07.05"]

1. d4 Nf6 2. c4 c5 3. Nf3 cxd4 4. Nxd4 Nc6 5. Nc3 g6 6. e4 d6 7. Be2 Nxd4 8.
Qxd4 Bg7 9. Be3 O-O 10. Qd2 a6 11. O-O Bd7 12. f3 Rc8 13. Rfc1 Re8 14. Rab1 Be6
15. b3 Nd7 16. Bf1 Ne5 17. Ne2 Qc7 18. Nf4 Qd7 19. a4 Rc6 20. Nd5 Bxd5 21. exd5
Rcc8 22. h3 Qc7 23. a5 e6 24. Bb6 Qe7 25. Rd1 Qh4 26. Bf2 Qf6 27. f4 Nd7 28.
dxe6 Rxe6 29. Be2 Qe7 30. Bg4 f5 31. Bf3 Nf6 32. Bd5 Nxd5 33. Qxd5 Qf7 34. Rd3
Rc6 35. Rbd1 Bf6 36. Qf3 Kg7 37. g4 fxg4 38. hxg4 Be5 39. fxe5 1-0

[Event "32. Open Villa de Benasque 2012"]
[Site "Benasque ESP"]
[Date "2012.07.07"]
[Round "3.5"]
[White "Soors, Stef"]
[Black "Sandipan, Chanda"]
[Result "1/2-1/2"]
[WhiteElo "2340"]
[BlackElo "2618"]
[PlyCount "116"]
[EventDate "2012.07.05"]
[EventType "swiss"]
[EventRounds "10"]
[EventCountry "ESP"]
[Source "lmi"]
[SourceDate "2012.07.05"]

1. e4 c5 2. c3 d6 3. d4 Nf6 4. Bd3 g6 5. dxc5 dxc5 6. e5 Nh5 7. h3 Nc6 8. Nf3
Ng7 9. Qe2 Ne6 10. O-O Bg7 11. a4 O-O 12. Na3 b6 13. Be4 Bb7 14. Ng5 Qc8 15.
Nxe6 Qxe6 16. f4 Rad8 17. Re1 Kh8 18. Qg4 f5 19. exf6 Rxf6 20. Qh4 Qf7 21. Be3
Na5 22. Bxb7 Nxb7 23. Rad1 Rxd1 24. Rxd1 Nd6 25. Bc1 Qb3 26. Re1 Qxa4 27. Qg5
Nf5 28. Qg4 Bh6 29. Qe2 Rf8 30. Nc4 Qa6 31. Qe6 Ng7 32. Qd5 e6 33. Qe4 Qa4 34.
g4 Ne8 35. Qxe6 Nc7 36. Qe2 Bg7 37. Ne5 Nd5 38. Qe4 Qxe4 39. Rxe4 Bxe5 40. fxe5
Kg7 41. Kg2 Re8 42. Bg5 Kf7 43. c4 Nb4 44. Rf4+ Ke6 45. Rf6+ Kxe5 46. Rf7 h5
47. Rxa7 hxg4 48. hxg4 Kd4 49. Rb7 Re6 50. Bd8 Kxc4 51. Rxb6 Rxb6 52. Bxb6 Nd3
53. Kf3 Kb3 54. Bxc5 Nxc5 55. Kf4 Nd7 56. Kg5 Ne5 57. Kf6 Nxg4+ 58. Kxg6 Kxb2
1/2-1/2

[Event "32. Open Villa de Benasque 2012"]
[Site "Benasque ESP"]
[Date "2012.07.07"]
[Round "3.6"]
[White "Ambartsumova, Karina"]
[Black "Burmakin, Vladimir"]
[Result "0-1"]
[WhiteElo "2322"]
[BlackElo "2590"]
[PlyCount "55"]
[EventDate "2012.07.05"]
[EventType "swiss"]
[EventRounds "10"]
[EventCountry "ESP"]
[Source "lmi"]
[SourceDate "2012.07.05"]

1. e4 c6 2. d4 d5 3. exd5 cxd5 4. c4 Nf6 5. Nc3 g6 6. Nf3 Bg7 7. Be2 O-O 8.
cxd5 Nxd5 9. O-O Nc6 10. Be3 Nxe3 11. fxe3 Bh6 12. Qd3 Nb4 13. Qd2 Be6 14. a3
Nd5 15. Nxd5 Bxd5 16. Qd3 Qb6 17. e4 Bb3 18. Bd1 Be6 19. b4 Bg7 20. Bb3 Bxb3
21. Qxb3 Bxd4+ 22. Nxd4 Qxd4+ 23. Kh1 Rac8 24. Rae1 Rc3 25. Qb2 Rd3 26. Qa2 Rd2
27. Qb3 Qd3 28. Qd5 0-1

[Event "32. Open Villa de Benasque 2012"]
[Site "Benasque ESP"]
[Date "2012.07.07"]
[Round "3.7"]
[White "Nabaty, Tamir"]
[Black "Fernandez Barrera, Victor"]
[Result "1-0"]
[WhiteElo "2582"]
[BlackElo "2315"]
[PlyCount "137"]
[EventDate "2012.07.05"]
[EventType "swiss"]
[EventRounds "10"]
[EventCountry "ESP"]
[Source "lmi"]
[SourceDate "2012.07.05"]

1. d4 Nf6 2. c4 g6 3. Nc3 d5 4. cxd5 Nxd5 5. Na4 Bg7 6. e4 Nb6 7. Be3 O-O 8.
Rc1 Nxa4 9. Qxa4 c6 10. Nf3 Nd7 11. Be2 e5 12. O-O exd4 13. Nxd4 Qe7 14. f3 Rd8
15. Rfd1 Nf8 16. b4 Ne6 17. Nb3 Rxd1+ 18. Rxd1 Bd7 19. Nc5 Nxc5 20. bxc5 Be6
21. Qa5 Be5 22. g3 Qc7 23. Qxc7 Bxc7 24. a4 Rd8 25. Rb1 Rb8 26. f4 b6 27. Kf2
bxc5 28. Rxb8+ Bxb8 29. Bxc5 Bc7 30. Bd1 Bb6 31. Be3 Kf8 32. g4 f6 33. h4 Bc4
34. Bc2 Be6 35. g5 f5 36. h5 Kf7 37. exf5 gxf5 38. Bxb6 axb6 39. Ke3 c5 40. Kd2
Kg7 41. h6+ Kg6 42. Kd3 Bg8 43. Kc3 Be6 44. Bb3 Bd7 45. Bd1 Be6 46. Bf3 Bd7 47.
Kb3 Be6+ 48. Ka3 Bd7 49. Bd5 Be8 50. Bg8 Bc6 51. Kb3 Be8 52. Be6 Bc6 53. a5
bxa5 54. Kc4 a4 55. Kxc5 Be8 56. Kb4 Bc6 57. Bc4 Be8 58. Be2 Bd7 59. Bd1 Be8
60. Bxa4 Bf7 61. Bd1 Bd5 62. Kc5 Be4 63. Kd6 Kf7 64. Bh5+ Kf8 65. Ke6 Kg8 66.
Kf6 Bd3 67. Bf7+ Kh8 68. Be6 Bc4 69. Bxf5 1-0

[Event "32. Open Villa de Benasque 2012"]
[Site "Benasque ESP"]
[Date "2012.07.07"]
[Round "3.8"]
[White "Shanava, Konstantine"]
[Black "Toledano Llinares, Juan A"]
[Result "1-0"]
[WhiteElo "2578"]
[BlackElo "2312"]
[PlyCount "43"]
[EventDate "2012.07.05"]
[EventType "swiss"]
[EventRounds "10"]
[EventCountry "ESP"]
[Source "lmi"]
[SourceDate "2012.07.05"]

1. e4 c5 2. Nf3 Nc6 3. Bb5 d6 4. O-O Bd7 5. c3 Nf6 6. Re1 a6 7. Bf1 Bg4 8. h3
Bh5 9. d3 e6 10. Nbd2 Be7 11. g4 Bg6 12. Bg2 Ne5 13. Nxe5 dxe5 14. Nc4 Qc7 15.
f4 exf4 16. e5 O-O-O 17. exf6 Rxd3 18. fxe7 f3 19. Qc2 fxg2 20. Qf2 Qxe7 21.
Bf4 f6 22. Bd6 1-0

[Event "32. Open Villa de Benasque 2012"]
[Site "Benasque ESP"]
[Date "2012.07.07"]
[Round "3.9"]
[White "Stocek, Jiri"]
[Black "Alcaraz Ortega, Javier"]
[Result "1/2-1/2"]
[WhiteElo "2573"]
[BlackElo "2297"]
[PlyCount "54"]
[EventDate "2012.07.05"]
[EventType "swiss"]
[EventRounds "10"]
[EventCountry "ESP"]
[Source "lmi"]
[SourceDate "2012.07.05"]

1. d4 d5 2. c4 c6 3. Nf3 Nf6 4. Nc3 Qb6 5. g3 dxc4 6. Bg2 g6 7. Ne5 Qa6 8. O-O
Bg7 9. e4 O-O 10. Qe2 b5 11. a4 b4 12. Na2 c3 13. Qe3 Qxa4 14. b3 Qxb3 15. Qf3
Nfd7 16. Nd3 Bxd4 17. Naxb4 Ne5 18. Nxe5 Bxe5 19. Nd3 Bg7 20. Re1 Rd8 21. Bf1
Nd7 22. e5 Qd5 23. Qe3 Nf8 24. Nb4 Qd7 25. Qxc3 Bb7 26. Ba6 Bxa6 27. Rxa6 Ne6
1/2-1/2

[Event "32. Open Villa de Benasque 2012"]
[Site "Benasque ESP"]
[Date "2012.07.07"]
[Round "3.10"]
[White "Schut, Lisa"]
[Black "Margvelashvili, Giorgi"]
[Result "0-1"]
[WhiteElo "2299"]
[BlackElo "2552"]
[PlyCount "118"]
[EventDate "2012.07.05"]
[EventType "swiss"]
[EventRounds "10"]
[EventCountry "ESP"]
[Source "lmi"]
[SourceDate "2012.07.05"]

1. e4 e5 2. Nf3 Nc6 3. Bb5 a6 4. Ba4 Nf6 5. c3 d6 6. d4 Bd7 7. Nbd2 Be7 8. O-O
O-O 9. Re1 b5 10. Bc2 Re8 11. d5 Na5 12. b4 Nb7 13. Nf1 h6 14. h3 Qc8 15. a4 c6
16. axb5 cxb5 17. Bd2 Bd8 18. Ng3 Bb6 19. Be3 Bxe3 20. Rxe3 a5 21. Nh4 Kh7 22.
Rf3 Qd8 23. bxa5 Rxa5 24. Rxa5 Nxa5 25. Nhf5 Nb7 26. Qc1 Bxf5 27. Nxf5 Ng8 28.
Qb2 Qb6 29. Bd3 Nc5 30. Bxb5 Ra8 31. Ne3 Ra7 32. Nc4 Qb8 33. Bc6 Qxb2 34. Nxb2
Nxe4 35. Nc4 Ra1+ 36. Kh2 Ngf6 37. Re3 Nxf2 38. Nxd6 N2g4+ 39. hxg4 Nxg4+ 40.
Kg3 Nxe3 41. Kf3 Nc2 42. Nb7 Ra3 43. Kf2 Rxc3 44. d6 f5 45. d7 Rd3 46. d8=Q
Rxd8 47. Nxd8 Kg6 48. g4 Nd4 49. gxf5+ Kxf5 50. Bg2 Kf4 51. Nf7 e4 52. Nd6 e3+
53. Ke1 h5 54. Ne8 g6 55. Nf6 Nc2+ 56. Ke2 Nb4 57. Bf3 h4 58. Ng4 Nc2 59. Nh2
Nd4+ 0-1